000 00603nam a2200229Ia 4500
003 OSt
005 20221005131424.0
006 a|||||r|||| 00| 0
007 ta
008 221004b |||||||| |||| 00| 0 eng d
024 _a70827
037 _cTextual
040 _aCRL
_cCRL
_beng
041 _2eng
_aeng
082 _aY1:3R46, J5
100 _aRobbins Florence Greenhoe
_9318141
245 0 _aSociology of play, recreation and leisure time
260 _c1955
650 _aSOCIOLOGY
942 _hY1:3R46, J5
_cTEXL
_2cc
999 _c1060303
_d1060303